Normal view
MARC view
Entry Personal Name
001 - CONTROL NUMBER
- control field: 84329
003 - CONTROL NUMBER IDENTIFIER
- control field: dpl
005 - DATE AND TIME OF LATEST TRANSACTION
- control field: 20250826112901.0
008 - FIXED-LENGTH DATA ELEMENTS
- fixed length control field: 250826|| aca||aabn | a|a d
040 ## - CATALOGING SOURCE
- Original cataloging agency: dpl
- Transcribing agency: dpl
100 ## - HEADING--PERSONAL NAME
- Personal name: प्रसाद, महाकालेश्वर
670 ## - SOURCE DATA FOUND
- Source citation: Work cat.: (dpl)212957: प्रसाद, महाकालेश्वर , जायसीकालीन भारत :, 2022
